LEADER 00928nam0-22003371i-450- 001 990004954440403321 005 20130114145442.0 035 $a000495444 035 $aFED01000495444 035 $a(Aleph)000495444FED01 035 $a000495444 100 $a19990604d1957----km-y0itay50------ba 101 0 $aeng 102 $aGB 105 $af---a---001yy 200 1 $aLectures$fF. Saxl 210 $aLondon$cthe Warburg Institute, University of London$d1957 215 $a2 v.$d27 cm 307 $a1.: 390 p. ; 2.: 243 p. di tav. 610 0 $aArte$aRaccolte di saggi 700 1$aSaxl,$bFritz$f<1890-1948>$011243 801 0$aIT$bUNINA$gRICA$2UNIMARC 901 $aBK 912 $a990004954440403321 952 $aVIII A 2 (1-2)$bBibl. 30801$fFLFBC 952 $aEST B 132/1$b4094$fFARBC 952 $aEST B 132/2$b4095$fFARBC 959 $aFLFBC 959 $aFARBC 996 $aLectures$930499 997 $aUNINA LEADER 00727nam a2200229 i 4500 001 991004422229407536 005 20260310091321.0 008 260310s2012 it 000 0 ita 020 $a9788824433921 040 $aBibl. Dip.le Aggr. Scienze Giuridiche - Sez. Studi Giuridici$bita 082 04$a347.6 100 1 $aDel Giudice, Federico$0105003 245 10$aCompendio di diritto ecclesiastico /$cF. del Giudice, F. Mariani 250 $a9. ed. 260 $aNapoli :$bSimone,$c2012 300 $a240 p. ;$c21 cm. 490 1 $aEdizioni Simone ;$v32/1 650 4$aDiritto ecclesastico 700 1 $aMariani, Fausto 912 $a991004422229407536 996 $aCompendio di diritto ecclesiastico$94549573 997 $aUNISALENTO